LEADER 02588nam 22007095 450 001 9910451232403321 005 20210112184337.0 010 $a1-281-36132-1 010 $a9786611361327 010 $a0-230-60182-0 024 7 $a10.1057/9780230601826 035 $a(CKB)1000000000342479 035 $a(SSID)ssj0000282290 035 $a(PQKBManifestationID)11228199 035 $a(PQKBTitleCode)TC0000282290 035 $a(PQKBWorkID)10316746 035 $a(PQKB)11303116 035 $a(DE-He213)978-0-230-60182-6 035 $a(MiAaPQ)EBC307553 035 $a(EXLCZ)991000000000342479 100 $a20151127d2007 u| 0 101 0 $aeng 135 $aurnn#008mamaa 181 $ctxt 182 $cc 183 $acr 200 12$aA New Guide to Italian Cinema$b[electronic resource] /$fby Carlo Celli, Marga Cottino-Jones 210 1$aNew York :$cPalgrave Macmillan US :$cImprint: Palgrave Macmillan,$d2007. 215 $a1 online resource (256 p.) 225 1 $aItalian and Italian American Studies 300 $aBibliographic Level Mode of Issuance: Monograph 311 $a1-4039-7560-4 330 $aThis book is a complete reworking and update of Marga Cottino-Jones' popular A Student's Guide to Italian Film (1983, 1993) . This guide retains earlier editions' interest in renowned films and directors but is also attentive to the popular films which achieved box office success among the public. 410 0$aItalian and Italian American Studies 606 $aCulture$xStudy and teaching 606 $aMotion pictures and television 606 $aMotion pictures$xEuropean influences 606 $aMotion pictures$xHistory 606 $aCulture$xStudy and teaching 606 $aCultural and Media Studies 606 $aFilm and Television Studies 606 $aEuropean Cinema 606 $aFilm History 606 $aCultural Studies 615 0$aCulture$xStudy and teaching. 615 0$aMotion pictures and television. 615 0$aMotion pictures$xEuropean influences. 615 0$aMotion pictures$xHistory. 615 0$aCulture$xStudy and teaching. 615 14$aCultural and Media Studies. 615 24$aFilm and Television Studies. 615 24$aEuropean Cinema. 615 24$aFilm History. 615 24$aCultural Studies. 676 $a791.430945 700 $aCelli$b Carlo$034454 702 $aCottino-Jones$b Marga 712 02$aSpringerLink (Online service) 906 $aBOOK 912 $a9910451232403321 996 $aA New Guide to Italian Cinema$92458337 997 $aUNINA LEADER 04792nam 2201069 450 001 9910788010303321 005 20230126211113.0 010 $a0-520-28306-6 010 $a0-520-95889-6 024 7 $a10.1525/9780520958890 035 $a(CKB)2670000000606641 035 $a(EBL)1882101 035 $a(SSID)ssj0001458516 035 $a(PQKBManifestationID)12640847 035 $a(PQKBTitleCode)TC0001458516 035 $a(PQKBWorkID)11451688 035 $a(PQKB)11585874 035 $a(StDuBDS)EDZ0001280496 035 $a(MiAaPQ)EBC1882101 035 $a(OCoLC)905854693 035 $a(MdBmJHUP)muse47173 035 $a(DE-B1597)519835 035 $a(DE-B1597)9780520958890 035 $a(Au-PeEL)EBL1882101 035 $a(CaPaEBR)ebr11036434 035 $a(CaONFJC)MIL759397 035 $a(OCoLC)908048004 035 $a(EXLCZ)992670000000606641 100 $a20150411h20152015 uy 0 101 0 $aeng 135 $aur|nu---|u||u 181 $ctxt 182 $cc 183 $acr 200 10$aDreams and nightmares $eimmigration policy, youth, and families /$fMarjorie S. Zatz and Nancy Rodriguez 205 $aFirst edition. 210 1$aOakland, California :$cUniversity of California Press,$d2015. 210 4$dİ2015 215 $a1 online resource (213 p.) 300 $aDescription based upon print version of record. 311 0 $a0-520-28305-8 311 0 $a1-336-28111-1 320 $aIncludes bibliographical references and index. 327 $tFront matter --$tCONTENTS --$tACKNOWLEDGMENTS --$tCHAPTER 1. Introduction and Historical Context --$tCHAPTER 2. Prosecutorial Discretion: A Mechanism for Balancing Competing Goals --$tCHAPTER 3. Legislative Inaction and Executive Action Mixed Status Families, the Dreamer Movement, and DACA --$tCHAPTER 4. Families Torn Apart: Parental Detention and Deportation --$tCHAPTER 5. No Good Options: Unaccompanied Minors in the US Immigration System --$tCHAPTER 6. Conclusions and Recommendations --$tNOTES --$tREFERENCES --$tINDEX 330 $aDreams and Nightmares takes a critical look at the challenges and dilemmas of immigration policy and practice in the absence of comprehensive immigration reform. The experiences of children and youth provide a prism through which the interwoven dynamics and consequences of immigration policy become apparent. Using a unique sociolegal perspective, authors Zatz and Rodriguez examine the mechanisms by which immigration policies and practices mitigate or exacerbate harm to vulnerable youth. They pay particular attention to prosecutorial discretion, assessing its potential and limitations for resolving issues involving parental detention and deportation, unaccompanied minors, and Dreamers who came to the United States as young children. The book demonstrates how these policies and practices offer a means of prioritizing immigration enforcement in ways that alleviate harm to children, and why they remain controversial and vulnerable to political challenges. 606 $aImmigrant youth$zUnited States$xSocial conditions 606 $aUnaccompanied immigrant children$zUnited States$xSocial conditions 606 $aEmigration and immigration law$zUnited States 606 $aImmigrant families$xLaw and legislation$zUnited States 610 $aamerican immigrants. 610 $aamerican politics. 610 $aborder crossing. 610 $achild immigrants. 610 $adeportation. 610 $adreamers. 610 $afamily. 610 $ahispanic americans. 610 $ahuman condition. 610 $aimmigrants. 610 $aimmigration and emigration. 610 $aimmigration enforcement. 610 $aimmigration polices. 610 $aimmigration reform. 610 $aimmigration. 610 $alegislation. 610 $aparental deportation. 610 $aparental detention. 610 $apolitical challenges. 610 $apolitical debate. 610 $apolitical. 610 $apolitics. 610 $aprosecutorial discretion. 610 $asocial sciences. 610 $asociolegal. 610 $aunaccompanied minors. 610 $aunited states of america. 610 $ayoung adult. 610 $ayoung immigrants. 615 0$aImmigrant youth$xSocial conditions. 615 0$aUnaccompanied immigrant children$xSocial conditions. 615 0$aEmigration and immigration law 615 0$aImmigrant families$xLaw and legislation 676 $a325.73 700 $aZatz$b Marjorie Sue$f1955-$01538916 702 $aRodriguez$b Nancy 801 0$bMiAaPQ 801 1$bMiAaPQ 801 2$bMiAaPQ 906 $aBOOK 912 $a9910788010303321 996 $aDreams and nightmares$93789426 997 $aUNINA